Wonder Girls all songs(2007-2017) - Statistics

General Stats
  • This quiz has been taken 14 times
  • The average score is 27 of 59
Answer Stats
Hint Answer % Correct
Why So Lonely Why So Lonely
100%
Reboot Rewind
91%
So Hot So Hot
91%
The Wonder Years Tell Me
91%
The Wonder Begins Irony
82%
The Wonder Years - Trilogy Nobody
82%
Wonder World Be My Baby
73%
Wonder Party Like This
73%
2 Different Tears 2 Different Tears
64%
The Wonder Begins Bad Boy
55%
Final digital single Draw Me
55%
Reboot I Feel You
55%
English 2nddigital single Like Money
55%
Reboot Oppa
55%
Reboot Baby Don't Play
45%
Reboot Back
45%
Reboot Faded Love
45%
The Wonder Years Friend
45%
Wonder Party Girlfriend
45%
Wonder World G.N.O
45%
The Wonder Years I Wanna
45%
Reboot John Doe
45%
Wonder World Me, In
45%
Wonder World Nu Shoes
45%
Wonder Party R.E.A.L
45%
Wonder World Stop
45%
Wonder World Sweet Dreams
45%
Why So Lonely Sweet & Easy
45%
English digital single The DJ Is Mine
45%
The Wonder Years This Fool
45%
So Hot This Time
45%
Wonder World Act Cool (ft. San E)
36%
Pre-release(Why So Lonely) Beautiful Boy
36%
Reboot Candle(ft. Paloalto)
36%
Wonder World Dear, Boy
36%
Wonder World Do Go Do Go
36%
Wonder World Girls Girls
36%
Reboot Gone
36%
The Wonder Years Good Bye
36%
The Wonder Years Headache
36%
The Wonder Begins It's Not Love
36%
Digital single It's Not Love (Tears)
36%
Reboot Loved
36%
The Wonder Years Move(ft. Mrising)
36%
Reboot One Black Night
36%
Reboot Remember
36%
Wonder Party Sorry
36%
The Wonder Years So What(ft. David Kim)
36%
Wonder World SuperB
36%
The Wonder Years Take It
36%
The Wonder Years Wishing on a Star
36%
So Hot You're Out
36%
Wonder Party Hey Boy
27%
The Wonder Years - Trilogy I Tried
27%
The Wonder Years - Trilogy Saying I Love You
27%
3rd Digital single Anybody(ft. Dynamic Duo, San E, and J.Y. Park)
18%
K FOOD promotional sinle K-Food Party
9%
2nd Digital single Army Song
0%
Mini Game Heaven 3 OST Joyo Joyo
0%
No matching quizzes found
Score Distribution
Percent of People with Each Score
Percentile by Number Answered
Your Score History
You have not taken this quiz